Introduction to business
Includes index
Guardat en:
| Altres autors: | |
|---|---|
| Format: | Llibre |
| Idioma: | Undetermined |
| Publicat: |
Cincinnati, OH
South-Western
1997
|
| Matèries: | |
| Accés en línia: | http://lrc.tdmu.edu.vn/opac/search/detail.asp?aID=2&ID=7543 |
| Etiquetes: |
Afegir etiqueta
Sense etiquetes, Sigues el primer a etiquetar aquest registre!
|
| Thư viện lưu trữ: | Trung tâm Học liệu Trường Đại học Thủ Dầu Một |
|---|
| LEADER | 00594nam a2200205Ia 4500 | ||
|---|---|---|---|
| 001 | TDMU_7543 | ||
| 008 | 210410s9999 xx 000 0 und d | ||
| 082 | |a 650 | ||
| 090 | |b I312 | ||
| 245 | 0 | |a Introduction to business | |
| 245 | 0 | |c Robert A. Ristau ... [et al.] | |
| 260 | |a Cincinnati, OH | ||
| 260 | |b South-Western | ||
| 260 | |c 1997 | ||
| 300 | |a xii, 761 p | ||
| 520 | |a Includes index | ||
| 650 | |a Business | ||
| 700 | |a Ristau, Robert A | ||
| 856 | |u http://lrc.tdmu.edu.vn/opac/search/detail.asp?aID=2&ID=7543 | ||
| 980 | |a Trung tâm Học liệu Trường Đại học Thủ Dầu Một | ||